| 000 | 00555nam a22001577a 4500 | ||
|---|---|---|---|
| 999 |
_c534232 _d534232 |
||
| 020 | _qHard Cover. | ||
| 082 | _a620.44 | ||
| 100 | _aMuhammad Imran Ahmed. | ||
| 245 |
_aAnalysis of main Structural Members to Propose Replacement of Damaged Components of an Aircraft / _cMuhammad Imran Ahmed |
||
| 260 |
_aIslamabad : _bSCME - NUST, _c2013. |
||
| 300 |
_axiv, 70 p. ill. ; _c30cm. |
||
| 942 |
_2ddc _cTHE |
||
| 650 |
_aMaterials and Surface Engineering. _928386 |
||
| 700 |
_aDr. Fahim Hasmi. _928392 |
||